[Event "CRO-chT4A Center"]
[Site "Zagreb"]
[Date "2010.04.18"]
[Round "4.13"]
[White "Vukalovic, Zeljko"]
[Black "Conjar, Velimir"]
[Result "1-0"]
[WhiteElo "1988"]
[BlackElo "1947"]
[PlyCount "67"]
[EventDate "2010.03.21"]
[EventType "team-tourn"]
[EventRounds "11"]
[EventCountry "CRO"]
[SourceTitle "EXT 2012"]
[Source "ChessBase"]
[SourceDate "2011.11.24"]
[SourceVersion "1"]
[SourceVersionDate "2011.11.24"]
[SourceQuality "1"]

1. d4 d5 2. Nf3 Nf6 3. c4 e6 4. Nc3 Be7 5. Bg5 h6 6. Bh4 0-0 7. e3 Nbd7 8. Qc2 b6 9. cxd5 exd5 10. Bd3 Bb7 11. 0-0 c5 12. Rae1 Re8 13. Bf5 Ba6 14. Bd3 Bxd3 15. Qxd3 c4 16. Qf5 g6 17. Qh3 Kg7 18. Bg3 Bb4 19. Ne5 Bxc3 20. bxc3 Re6 21. f3 Qe7 22. e4 Kh7 23. exd5 Nxd5 24. Nxf7 Qxf7 25. Rxe6 Nxc3 26. Rfe1 Nd5 27. Re7 Nxe7 28. Qxd7 Re8 29. Bd6 c3 30. Rxe7 Rxe7 31. Qxe7 Qxe7 32. Bxe7 a5 33. a4 Kg7 34. Ba3 1-0